| 000 | 00655 a2200193 4500 | ||
|---|---|---|---|
| 010 | _aENG-89994 | ||
| 020 |
_a8175155779 _c200.00 |
||
| 035 | _aEN-73527 | ||
| 037 | _bDBAD / PUB | ||
| 082 | 1 | 4 | _a629.8 |
| 090 |
_c12121 _d12121 |
||
| 100 | _aYaduvir Singh | ||
| 245 |
_aControl systems: _btheory, problems and solutions / _cYaduvir Singh and Amit Agrawal |
||
| 260 |
_aNew Delhi _bGalgotia Publications _c2008 |
||
| 270 |
_a5, Ansari Road, Darya Ganj _bNew Delhi _e110 002 |
||
| 300 |
_a274p. _c28 cm. (Pbk) |
||
| 942 |
_adpl _cEN _k629.8 / YAD |
||
| 999 |
_c11767 _d11767 |
||